Unemployment and the Crisis of the German Model <A> Long-Term Interpretation

Saved in:
Bibliographic Details
Main Author: Paqué, Karl-Heinz
Format: Book
Language:English
Published: Kiel Institut für Weltwirtschaft 1994
Series:Kiel Working Paper No.655
Subjects:
Tags: Add Tag
No Tags, Be the first to tag this record!

MARC

LEADER 00000nam a2200000 4500
001 c010671
005 20250521093124.8
041 0 |a eng 
044 |a DE 
245 1 0 |a Unemployment and the Crisis of the German Model  |b <A> Long-Term Interpretation  |c Karl-Heinz Paqué 
264 1 |a Kiel  |b Institut für Weltwirtschaft  |c 1994 
300 |a 32 s. 
490 1 |a Kiel Working Paper  |v No.655 
830 0 |a Kiel Working Paper  |v No.655 
610 2 0 |a nezamestnanosť 
610 2 0 |a kríza 
610 2 0 |a zmluvy kolektívne 
610 2 0 |a reformy 
610 2 0 |a modely 
610 2 0 |a smernice 
610 2 0 |a produktivita práce 
610 2 0 |a Nemecko 
100 1 |a Paqué, Karl-Heinz